[Event "ICS rated blitz match"]
[Site "204.178.125.65"]
[Date "1999.10.16"]
[Round "?"]
[White "Hossa"]
[Black "Botman"]
[Result "0-1"]
[WhiteElo "2532"]
[BlackElo "2573"]
[PlyCount "174"]
[EventDate "1999.??.??"]

1. e4 c5 2. Nf3 d6 3. d4 cxd4 4. Nxd4 Nf6 5. Nc3 a6 6. Bg5 e6 7. f4 b5 8. Bd3
Nbd7 9. O-O Be7 10. Qf3 Bb7 11. Rad1 O-O 12. Rfe1 Nc5 13. Qe3 b4 14. Bxf6 Bxf6
15. Nce2 Bh4 16. Rf1 Nxd3 17. cxd3 Rc8 18. Rc1 Qd7 19. Rxc8 Rxc8 20. Rc1 Rxc1+
21. Qxc1 Kf8 22. Qd2 a5 23. Nf3 Bd8 24. Qe3 Bf6 25. Qb6 Bxb2 26. Qxa5 Ba3 27.
Qh5 Ba6 28. Qxh7 Bxd3 29. Ned4 Bc1 30. Ne1 Bb1 31. Nec2 Bxf4 32. Qh8+ Ke7 33.
Qh4+ g5 34. Qe1 Bxc2 35. Nxc2 Qa7+ 36. Kh1 Qxa2 37. Nxb4 Qd2 38. Nc6+ Kd7 39.
Qxd2 Bxd2 40. Nd4 d5 41. exd5 exd5 42. Nf3 Be3 43. g3 d4 44. Ne1 Kd6 45. h4 Bf2
46. Nf3 Bxg3 47. h5 g4 48. Nxd4 Be5 49. Nf5+ Ke6 50. Ne3 f5 51. h6 Kf6 52. Kg2
Kg5 53. h7 Bh8 54. Nd5 f4 55. Ne7 Bg7 56. Nd5 Bd4 57. Ne7 f3+ 58. Kg3 Be5+ 59.
Kf2 Kh6 60. Nc6 Bh8 61. Kg3 Kxh7 62. Ne7 Be5+ 63. Kf2 Bd4+ 64. Kg3 f2 65. Kg2
g3 66. Kf1 Be5 67. Nc6 Bf4 68. Nb4 Kg6 69. Kg2 Kf5 70. Nd5 Bd2 71. Nc7 Kf4 72.
Nd5+ Ke5 73. Nc7 Be3 74. Nb5 Ke4 75. Nd6+ Kf4 76. Nc4 Bc1 77. Nd6 Bd2 78. Nc4
Be3 79. Kf1 Ke4 80. Kg2 Kd3 81. Nd6 Ke2 82. Kh3 f1=Q+ 83. Kg4 g2 84. Kh4 Qh1+
85. Kg4 g1=Q+ 86. Kf5 Qd5+ 87. Kf6 87... Qgg5# {Hossa checkmated} 0-1

[Event "ICS rated blitz match"]
[Site "204.178.125.65"]
[Date "1999.10.16"]
[Round "?"]
[White "Hossa"]
[Black "Botman"]
[Result "1-0"]
[WhiteElo "2507"]
[BlackElo "2598"]
[PlyCount "65"]
[EventDate "1999.??.??"]

1. d4 Nf6 2. c4 e6 3. Nc3 Bb4 4. e3 c5 5. Bd3 Nc6 6. a3 Bxc3+ 7. bxc3 O-O 8.
Nf3 d6 9. Qc2 cxd4 10. exd4 e5 11. O-O Bg4 12. Ng5 h6 13. Nh7 Re8 14. Nxf6+
Qxf6 15. d5 Ne7 16. f4 Bf5 17. Rb1 Bxd3 18. Qxd3 exf4 19. Bxf4 Ng6 20. Bxh6 Qh4
21. Bxg7 Kxg7 22. Rxb7 Ne5 23. g3 Rf8 24. Qf5 Qxc4 25. Qf6+ Kg8 26. Qg5+ Kh7
27. Rf4 Nf3+ 28. Rxf3 Qc5+ 29. Kh1 Qxd5 30. Qxd5 Kh8 31. Rfxf7 Rxf7 32. Qxf7 a5
33. Qg7# {Botman checkmated} 1-0

[Event "ICS rated blitz match"]
[Site "204.178.125.65"]
[Date "1999.10.09"]
[Round "?"]
[White "Hossa"]
[Black "Botman"]
[Result "0-1"]
[WhiteElo "2442"]
[BlackElo "2342"]
[PlyCount "148"]
[EventDate "1999.??.??"]

1. e4 e5 2. Nf3 Nc6 3. Bb5 a6 4. Ba4 Nf6 5. O-O Be7 6. Re1 b5 7. Bb3 O-O 8. d3
d6 9. Nc3 Na5 10. Bd2 c6 11. d4 Nxb3 12. axb3 Bg4 13. dxe5 dxe5 14. Bg5 Qc7 15.
Qe2 Rfd8 16. Qe3 b4 17. Na4 h6 18. Bxf6 Bxf6 19. Nb6 Ra7 20. Nc4 Raa8 21. Ra5
Bxf3 22. Qxf3 c5 23. Qf5 Rd4 24. Raa1 Qb8 25. f3 Qc7 26. Ra2 Qd8 27. Nxe5 Rd2
28. Nc6 Qc7 29. Na5 Be5 30. Qh5 Bd4+ 31. Kh1 Rxc2 32. Nc4 Qf4 33. Qd5 Ra7 34.
Rd1 Rf2 35. Qd8+ Kh7 36. Qd6 Rxf3 37. Qxf4 Rxf4 38. Re1 Rf2 39. h3 Ra8 40. Kh2
Rc2 41. Rf1 Ra7 42. Kg3 h5 43. h4 f6 44. Kf3 Kg6 45. Rd1 Rf2+ 46. Kg3 Re2 47.
Kf3 Rc2 48. Rf1 Kh7 49. Rd1 g5 50. hxg5 fxg5 51. Kg3 h4+ 52. Kh3 Re2 53. Rda1
Re7 54. Rxa6 R7xe4 55. Ra7+ Kg6 56. Rf1 Bxb2 57. Ra6+ Kh5 58. Rf7 R2e3+ 59.
Nxe3 Rxe3+ 60. g3 Rxg3+ 61. Kh2 Rxb3 62. Rc6 Bd4 63. Re6 Rb2+ 64. Kh1 b3 65.
Re4 Rd2 66. Rh7+ Kg6 67. Rb7 b2 68. Re6+ Kf5 69. Rc6 Rd1+ 70. Kg2 Kg4 71. Re6
h3+ 72. Kh2 Bg1+ 73. Kh1 Be3+ 74. Kh2 74... Bf4# {Hossa checkmated} 0-1

[Event "ICS rated blitz match"]
[Site "204.178.125.65"]
[Date "1999.10.09"]
[Round "?"]
[White "Hossa"]
[Black "Botman"]
[Result "0-1"]
[WhiteElo "2464"]
[BlackElo "2307"]
[PlyCount "115"]
[EventDate "1999.??.??"]

1. e4 c5 2. Nf3 d6 3. d4 cxd4 4. Nxd4 Nf6 5. Nc3 a6 6. Be2 e6 7. O-O Be7 8. Be3
O-O 9. f4 Qc7 10. Bd3 Nc6 11. Qf3 Nb4 12. Rac1 b6 13. a3 Nxd3 14. cxd3 Qd7 15.
Nde2 b5 16. Bd4 Bb7 17. Bxf6 Bxf6 18. Rfd1 a5 19. Rd2 b4 20. Nb1 Rfc8 21. Rxc8+
Rxc8 22. Qf2 Qc7 23. axb4 axb4 24. b3 Ra8 25. Qf3 Ra1 26. Qf1 Qb6+ 27. Kh1 Qe3
28. Rd1 Ra2 29. Ng3 Rf2 30. Qg1 Qxf4 31. Nh5 Qh4 32. Nxf6+ Qxf6 33. Nd2 Qf4 34.
Nc4 d5 35. Na5 Ba8 36. Rc1 h6 37. e5 d4 38. Rc8+ Kh7 39. Rxa8 Rf1 40. h3 Rxg1+
41. Kxg1 Qe3+ 42. Kh2 Qxe5+ 43. Kh1 Qc5 44. Nc4 Qf5 45. Ra4 Qxd3 46. Rxb4 Qb1+
47. Kh2 Qe4 48. Rb6 d3 49. Rd6 Qf4+ 50. Kg1 Qxd6 51. Nxd6 d2 52. Kf2 d1=Q 53.
Nc4 Qxb3 54. Ne3 g5 55. Ke2 Qb2+ 56. Kf3 Kg6 57. Nc4 Qd4 58. Ne3 {Hossa resigns
} 0-1

[Event "ICS rated blitz match"]
[Site "204.178.125.65"]
[Date "1999.10.10"]
[Round "?"]
[White "Hossa"]
[Black "Botman"]
[Result "0-1"]
[WhiteElo "2470"]
[BlackElo "2509"]
[PlyCount "158"]
[EventDate "1999.??.??"]

1. e4 c5 2. Nf3 d6 3. d4 cxd4 4. Nxd4 Nf6 5. Nc3 g6 6. Bc4 Bg7 7. h3 O-O 8. Bb3
a6 9. O-O b5 10. Bg5 e5 11. Nde2 Bb7 12. Nd5 Nbd7 13. Nec3 h6 14. Bh4 Bc6 15.
f4 exf4 16. Bxf6 Nxf6 17. Nxf4 Qb6+ 18. Kh2 b4 19. Ncd5 Nxd5 20. Nxd5 Qd8 21.
Rb1 Qg5 22. Kh1 Rae8 23. Qd3 Bb5 24. Bc4 Bxc4 25. Qxc4 a5 26. Rf4 Rc8 27. Qd3
Rc5 28. Rff1 Qe5 29. Ne3 Rfc8 30. Rf3 Qe6 31. a3 bxa3 32. Qxa3 Rb8 33. b3 Rb4
34. c4 Qxe4 35. Rd1 Qe5 36. Nd5 Rb7 37. Qa4 Qe2 38. Rdf1 Bd4 39. h4 Bg7 40. Qa3
Qe4 41. Rf4 Qd3 42. R4f3 Qd4 43. Rf4 Qe5 44. Qa4 Qe6 45. Rd1 Qe2 46. Rdf1 Ra7
47. Kg1 Rc8 48. Qb5 Be5 49. Nf6+ Kg7 50. R4f3 Re7 51. Qxa5 Bxf6 52. Rxf6 Qe3+
53. R6f2 Qxb3 54. Qa1+ Kg8 55. Qf6 Qe3 56. Qxd6 Rxc4 57. Rd1 Kh7 58. Qf6 Qe6
59. Rd6 Qe1+ 60. Kh2 Qe4 61. g3 Rc1 62. Rg2 Qe1 63. Kh3 Rc5 64. Rf2 Qh1+ 65.
Rh2 Qb7 66. Rd8 Re8 67. Rxe8 Qd7+ 68. g4 Qxe8 69. Rf2 Kg8 70. Qd4 Qe7 71. Rf6
Re5 72. Qf4 Re3+ 73. Kg2 Re2+ 74. Kf3 Rc2 75. Qd6 Qe2+ 76. Kf4 Rc4+ 77. Qd4
Rxd4+ 78. Kg3 Rxg4+ 79. Kh3 79... Qg2# {Hossa checkmated} 0-1

[Event "ICS rated blitz match"]
[Site "204.178.125.65"]
[Date "1999.10.10"]
[Round "?"]
[White "Hossa"]
[Black "Botman"]
[Result "1-0"]
[WhiteElo "2430"]
[BlackElo "2549"]
[PlyCount "155"]
[EventDate "1999.??.??"]

1. e4 c5 2. Nf3 d6 3. d4 cxd4 4. Nxd4 Nf6 5. Nc3 g6 6. Bc4 Bg7 7. h3 O-O 8. Bb3
Nc6 9. Be3 Bd7 10. O-O a6 11. Qd3 Na5 12. Rfd1 Nxb3 13. axb3 Rc8 14. Qd2 Qc7
15. Bh6 Bxh6 16. Qxh6 e5 17. Nde2 Bc6 18. f3 Qb6+ 19. Kh1 Qc5 20. Ra2 Rfe8 21.
Qd2 Re6 22. Nc1 Qb6 23. Nd3 Qc7 24. Nb4 Qb6 25. Nxc6 Qxc6 26. Raa1 Qc5 27. Qh6
Nh5 28. Kh2 Nf4 29. Rd2 Qe3 30. Rad1 a5 31. g3 Qxf3 32. gxf4 exf4 33. Qh4 Rxc3
34. bxc3 Rxe4 35. Qf2 Qxc3 36. Rxd6 f3 37. R6d3 Qc7+ 38. Kg1 Re2 39. Qxf3 Qc5+
40. Rd4 Rxc2 41. Qf6 Re2 42. Kf1 Qb5 43. Rd8+ Re8+ 44. Kg1 Qc5+ 45. Kh1 Rf8 46.
Rxf8+ Qxf8 47. Rd8 h6 48. Rxf8+ Kxf8 49. Qd8+ Kg7 50. Qxa5 f5 51. Qe5+ Kf7 52.
Kg2 h5 53. h4 b6 54. Qc7+ Ke6 55. Qxb6+ Kf7 56. Qd6 f4 57. Qxf4+ Ke6 58. Qe4+
Kd7 59. Qxg6 Ke7 60. Qe6+ Kxe6 61. b4 Kd5 62. Kf3 Kc4 63. Kf4 Kxb4 64. Kg5 Kc5
65. Kxh5 Kd6 66. Kh6 Ke5 67. Kg6 Kf4 68. h5 Ke5 69. h6 Ke6 70. h7 Ke5 71. h8=Q+
Kd5 72. Qc3 Ke4 73. Qd2 Ke5 74. Qd3 Ke6 75. Qd4 Ke7 76. Qd5 Ke8 77. Kf6 Kf8 78.
Qd8# {Botman checkmated} 1-0

[Event "ICS rated blitz match"]
[Site "204.178.125.65"]
[Date "1999.10.10"]
[Round "?"]
[White "Hossa"]
[Black "Botman"]
[Result "1/2-1/2"]
[WhiteElo "2430"]
[BlackElo "2528"]
[PlyCount "119"]
[EventDate "1999.??.??"]

1. e4 e5 2. Nf3 Nc6 3. Bb5 a6 4. Ba4 Nf6 5. Bxc6 dxc6 6. d3 Bd6 7. Nbd2 O-O 8.
b3 Be6 9. Bb2 Nd7 10. O-O f5 11. exf5 Rxf5 12. Re1 Qf6 13. Ne4 Qf8 14. Ng3 Rf6
15. Ng5 Bd5 16. Qh5 Rh6 17. Qg4 Bc5 18. Re2 Rd8 19. Rae1 Bb4 20. c3 Ba5 21. Ba1
Rg6 22. Qa4 Rxg5 23. Qxa5 b6 24. Qa4 Nc5 25. Qh4 Qf4 26. Qxf4 exf4 27. h4 Rg4
28. d4 Nd3 29. Rd1 Nxf2 30. Kxf2 fxg3+ 31. Kg1 Rxh4 32. Rde1 Rh2 33. c4 Bf7 34.
Re7 Rc8 35. Rf1 Rf8 36. Rxc7 Rh6 37. Bc3 Be8 38. Rxf8+ Kxf8 39. Ra7 a5 40. c5
b5 41. Be1 Rh4 42. Bxg3 Rxd4 43. Bd6+ Kg8 44. Rxa5 b4 45. a4 Rd3 46. Ra7 Rxb3
47. Be5 Re3 48. Bxg7 b3 49. Rb7 Bf7 50. Kf2 Rd3 51. Bh6 Be6 52. a5 Rc3 53. Rg7+
Kh8 54. Re7 Rc2+ 55. Kg3 Bd5 56. Re8+ Bg8 57. Re7 Bd5 58. Re8+ Bg8 59. Re7 Bd5
60. Re8+ {Game drawn by repetition} 1/2-1/2

[Event "ICS rated blitz match"]
[Site "204.178.125.65"]
[Date "1999.10.10"]
[Round "?"]
[White "Hossa"]
[Black "Botman"]
[Result "0-1"]
[WhiteElo "2457"]
[BlackElo "2501"]
[PlyCount "134"]
[EventDate "1999.??.??"]

1. d4 Nf6 2. c4 g6 3. Nc3 Bg7 4. e4 d6 5. f3 O-O 6. Be3 Nc6 7. Qd2 a6 8. d5 Ne5
9. Bh6 Bxh6 10. Qxh6 c6 11. dxc6 bxc6 12. g3 Qb6 13. b3 Qd4 14. Rc1 Bb7 15. Rc2
d5 16. cxd5 cxd5 17. exd5 Nxd5 18. Nxd5 Bxd5 19. Rd2 Qc3 20. Bg2 Bxf3 21. Nxf3
Nxf3+ 22. Bxf3 Qxf3 23. Rf1 Qc3 24. Kf2 Rad8 25. Re2 e6 26. Kg1 Qd4+ 27. Ref2
Rfe8 28. a3 Rd5 29. Qf4 Qxf4 30. gxf4 Rb8 31. Rf3 Kg7 32. Kg2 a5 33. Re3 Rd2+
34. Rf2 Rd4 35. Kg3 h6 36. h4 g5 37. hxg5 hxg5 38. f5 e5 39. Rc2 Rb5 40. a4
Rbd5 41. Rc6 Rf4 42. Rf3 Rh4 43. Rc4 Rxc4 44. bxc4 Rd4 45. Rb3 Kf6 46. c5 Kxf5
47. Rf3+ Ke6 48. c6 Rc4 49. Rb3 Rxc6 50. Rb5 f5 51. Rxa5 e4 52. Kf2 g4 53. Ke3
g3 54. Ra8 Rc3+ 55. Ke2 g2 56. Kf2 Rc2+ 57. Kg1 f4 58. Re8+ Kd5 59. Rd8+ Ke5
60. Kh2 f3 61. Rd1 Kf4 62. Rb1 e3 63. Rb8 e2 64. Re8 Rc8 65. Re7 Rh8+ 66. Kg1
Rh1+ 67. Kf2 67... g1=Q# {Hossa checkmated} 0-1

[Event "ICS rated blitz match"]
[Site "204.178.125.65"]
[Date "1999.10.10"]
[Round "?"]
[White "Hossa"]
[Black "Botman"]
[Result "0-1"]
[WhiteElo "2539"]
[BlackElo "2581"]
[PlyCount "87"]
[EventDate "1999.??.??"]

1. e4 c5 2. Nf3 Nc6 3. d4 cxd4 4. Nxd4 Nf6 5. Nc3 e5 6. Ndb5 d6 7. Bg5 a6 8.
Na3 b5 9. Nd5 Be7 10. Nxe7 Nxe7 11. Bxf6 gxf6 12. Bd3 Bb7 13. O-O d5 14. Qf3
Qd6 15. exd5 Qxd5 16. Qxd5 Bxd5 17. c4 bxc4 18. Nxc4 Rb8 19. Rfd1 O-O 20. Ne3
Rxb2 21. Bxh7+ Kxh7 22. Nxd5 Nxd5 23. Rxd5 Rc8 24. a3 Kg6 25. g3 Rcc2 26. Rf1
e4 27. h4 e3 28. h5+ Kg7 29. Rf5 Ra2 30. h6+ Kxh6 31. Rxf6+ Kg7 32. Rxa6 Rd2
33. Ra4 e2 34. Rg4+ Kf8 35. Re4 exf1=Q+ 36. Kxf1 Rxf2+ 37. Kg1 Rg2+ 38. Kf1
Rxg3 39. a4 Rf3+ 40. Kg1 Rd3 41. Re1 Rdd2 42. a5 Rxa5 43. Kf1 Rf5+ 44. Kg1 {
Hossa resigns} 0-1

[Event "ICS rated blitz match"]
[Site "204.178.125.65"]
[Date "1999.10.10"]
[Round "?"]
[White "Hossa"]
[Black "Botman"]
[Result "1/2-1/2"]
[WhiteElo "2456"]
[BlackElo "2477"]
[PlyCount "209"]
[EventDate "1999.??.??"]

1. d4 Nf6 2. c4 g6 3. Nc3 Bg7 4. e4 d6 5. f3 O-O 6. Be3 e5 7. Nge2 c6 8. Kf2
Nbd7 9. Rc1 Nb6 10. b3 exd4 11. Nxd4 Qe7 12. Be2 Re8 13. Qd2 Bd7 14. Rhe1 Rad8
15. Bf1 d5 16. cxd5 cxd5 17. Kg1 dxe4 18. Bg5 Be6 19. Bb5 Rf8 20. Qf2 exf3 21.
Nxf3 h6 22. Be3 Ng4 23. Qe2 Bxc3 24. Rxc3 Nd5 25. Bc5 Nxc3 26. Bxe7 Nxe2+ 27.
Bxe2 Kg7 28. Rc1 Rd7 29. Bxf8+ Kxf8 30. h3 Nf6 31. Rf1 Rd6 32. Ne5 Ke7 33. Bf3
Nd7 34. Re1 Rd2 35. Bxb7 Nxe5 36. Rxe5 Rxa2 37. b4 Rc2 38. Ra5 Rc7 39. Bf3 Kd6
40. Ra1 f6 41. Rd1+ Ke7 42. h4 Rc4 43. Ra1 Rxb4 44. Rxa7+ Kd6 45. h5 gxh5 46.
Ra6+ Ke5 47. Ra5+ Kf4 48. Rxh5 Kg3 49. Kf1 Rh4 50. Rxh4 Kxh4 51. Kf2 f5 52. Ke3
Kg5 53. Kd4 Kf4 54. Kd3 Ke5 55. g3 f4 56. gxf4+ Kxf4 57. Ke2 Bf5 58. Kf2 Bb1
59. Kg2 Bg6 60. Be2 Bf5 61. Kh1 Kg3 62. Bd1 Be4+ 63. Kg1 Bd5 64. Be2 Bf7 65.
Kh1 Be6 66. Bd1 Bd5+ 67. Kg1 Bg2 68. Be2 Bb7 69. Bd1 Ba6 70. Kh1 Bd3 71. Bh5
Be4+ 72. Kg1 Bc6 73. Bg6 Bf3 74. Bf5 h5 75. Bd3 h4 76. Bf1 Bh5 77. Kh1 Bf3+ 78.
Kg1 Bc6 79. Bg2 Bb5 80. Kh1 Bd3 81. Bd5 h3 82. Bc6 Bc4 83. Be4 Be2 84. Bd5 Bg4
85. Be4 Bd1 86. Bc6 Bc2 87. Bd5 Bf5 88. Bc6 Bg6 89. Bd5 Be8 90. Be4 Bb5 91. Bd5
Be2 92. Kg1 Bd1 93. Be4 Ba4 94. Kh1 Bd7 95. Bd5 Bc8 96. Be4 Ba6 97. Kg1 h2+ 98.
Kh1 Be2 99. Bd5 Bd3 100. Bg2 Bf5 101. Bd5 Bg4 102. Be4 Bh3 103. Bd5 Bf1 104.
Be4 Bc4 105. Bg2 {Botman ran out of time and Hossa has no material to mate}
1/2-1/2

[Event "ICS rated blitz match"]
[Site "204.178.125.65"]
[Date "1999.10.09"]
[Round "?"]
[White "Hossa"]
[Black "Botman"]
[Result "0-1"]
[WhiteElo "2443"]
[BlackElo "2475"]
[PlyCount "146"]
[EventDate "1999.??.??"]

1. c4 e5 2. Nc3 Nf6 3. g3 d5 4. cxd5 Nxd5 5. Nf3 Nc6 6. Bg2 Nb6 7. O-O Be7 8.
d3 O-O 9. Bd2 Be6 10. Nb5 Qd7 11. Bg5 f6 12. Be3 Nd5 13. Nc3 Nxe3 14. fxe3 f5
15. d4 exd4 16. exd4 Rad8 17. e3 Bc4 18. Rf2 Bf7 19. Qe2 Bh5 20. Qb5 Qc8 21.
Ne5 Nxe5 22. Bxb7 Qe6 23. Qxe5 Qxe5 24. dxe5 Bc5 25. Nd5 Bf7 26. Rd1 Be6 27.
Kg2 Rd7 28. Rc2 Bb6 29. Bc6 Rdd8 30. Rcd2 Kf7 31. e4 fxe4 32. Nxb6 Rxd2+ 33.
Rxd2 e3 34. Rd7+ Kg8 35. Bf3 axb6 36. Rd3 Bh3+ 37. Kxh3 Rxf3 38. e6 e2 39. Rd8+
Rf8 40. e7 Re8 41. Rxe8+ Kf7 42. Rc8 e1=Q 43. e8=Q+ Qxe8 44. Rxe8 Kxe8 45. g4
Kd7 46. g5 Kd6 47. Kg4 Ke5 48. g6 h6 49. h4 c5 50. b3 b5 51. Kf3 b4 52. Ke2 Kf4
53. Kd3 Kg4 54. Kc4 Kxh4 55. Kxc5 h5 56. Kc4 Kg3 57. Kxb4 h4 58. a4 h3 59. Kc5
h2 60. b4 h1=Q 61. a5 Qh5+ 62. Kc4 Qxg6 63. b5 Qc2+ 64. Kb4 g5 65. a6 g4 66. b6
Kf3 67. b7 Qc7 68. Kb5 g3 69. Kb4 g2 70. Kb5 g1=Q 71. b8=Q Qgc5+ 72. Ka4 Q7a5+
73. Kb3 73... Qaa3# {Hossa checkmated} 0-1

[Event "ICS rated blitz match"]
[Site "204.178.125.65"]
[Date "1999.10.09"]
[Round "?"]
[White "Hossa"]
[Black "Botman"]
[Result "1/2-1/2"]
[WhiteElo "2409"]
[BlackElo "2395"]
[PlyCount "171"]
[EventDate "1999.??.??"]

1. d4 Nf6 2. c4 e6 3. Nc3 Bb4 4. e3 O-O 5. Bd3 d5 6. Nf3 c5 7. a3 Bxc3+ 8. bxc3
dxc4 9. Bxc4 Qc7 10. Bb3 cxd4 11. cxd4 Bd7 12. O-O Bb5 13. Re1 Bc4 14. Bxc4
Qxc4 15. Bd2 Nc6 16. Rc1 Qd3 17. Rc3 Qg6 18. Qb3 Ne4 19. Rc2 Rac8 20. Rec1 Rc7
21. Bb4 Rfc8 22. Ba5 b6 23. Qa4 bxa5 24. Rxc6 Rxc6 25. Rxc6 Ra8 26. Ne5 Qf5 27.
Qc2 Nd6 28. Qxf5 Nxf5 29. h3 Kf8 30. Rc7 Ne7 31. Nd7+ Ke8 32. Nc5 Nd5 33. Rb7
Nc3 34. Kf1 a6 35. h4 a4 36. Rb4 a5 37. Rc4 Nb5 38. h5 Nxa3 39. Rxa4 Nb1 40.
Nb3 Rb8 41. Nxa5 Nd2+ 42. Ke1 Ne4 43. Ra1 Nf6 44. Nc6 Rc8 45. Ne5 Nxh5 46. Ra7
f5 47. Ke2 Rc2+ 48. Kf3 Rc3 49. Nf7 Rc6 50. Ng5 h6 51. Nf7 Rc2 52. Rb7 g5 53.
g3 g4+ 54. Kg2 Nf6 55. Nd6+ Kd8 56. Rg7 Nd5 57. Nf7+ Ke7 58. Ne5+ Kf6 59. Rg6+
Ke7 60. Rxh6 Nxe3+ 61. Kg1 Nc4 62. Rh7+ Kf6 63. Rc7 Na3 64. Rf7+ Kg5 65. Rb7
Kf6 66. Rb8 Nc4 67. Rc8 Na3 68. Rf8+ Kg5 69. Rb8 Nc4 70. Rc8 Na3 71. Rg8+ Kf6
72. Rg6+ Ke7 73. Rg7+ Kf6 74. Rb7 Nc4 75. Rf7+ Kg5 76. Rc7 Na3 77. Rc5 Rd2 78.
f4+ Kh6 79. Rc6 Nc2 80. Rxe6+ Kg7 81. Rg6+ Kh7 82. Rd6 Rd1+ 83. Kf2 Rd2+ 84.
Kg1 Rd1+ 85. Kf2 Rd2+ 86. Kg1 {Game drawn by repetition} 1/2-1/2

[Event "ICS rated blitz match"]
[Site "204.178.125.65"]
[Date "1999.09.24"]
[Round "?"]
[White "Hossa"]
[Black "BountyHunter"]
[Result "0-1"]
[WhiteElo "2398"]
[BlackElo "2765"]
[PlyCount "85"]
[EventDate "1999.??.??"]

1. e4 c5 2. Nf3 d6 3. d4 cxd4 4. Nxd4 Nf6 5. Nc3 a6 6. g3 e6 7. Bg2 Qc7 8. O-O
Be7 9. Bg5 O-O 10. Qd2 Nc6 11. Rfd1 Ne5 12. Rab1 h6 13. Bxh6 gxh6 14. Qxh6 Nfg4
15. Qf4 Qd8 16. Qd2 b5 17. f3 Nc4 18. Qe2 Nge3 19. Rd3 Bf6 20. Kh1 Qb6 21. Nb3
b4 22. Nd1 Nxd1 23. Rdxd1 Nxb2 24. Rf1 Na4 25. f4 Nc3 26. Qg4+ Bg7 27. Ra1 e5
28. Qg5 Bb7 29. fxe5 dxe5 30. Qh4 Rac8 31. a3 bxa3 32. Rae1 a2 33. g4 Rc4 34.
g5 Ra4 35. Qg4 Nxe4 36. Bxe4 Qb4 37. c4 Qxb3 38. Qf5 Bxe4+ 39. Qxe4 Rxc4 40.
Qd5 Rb4 41. Qxb3 Rxb3 42. Ra1 Rb2 43. h4 {Hossa resigns} 0-1

[Event "ICS rated blitz match"]
[Site "204.178.125.65"]
[Date "1999.09.07"]
[Round "?"]
[White "Hossa"]
[Black "Branco"]
[Result "0-1"]
[WhiteElo "2501"]
[BlackElo "2327"]
[PlyCount "110"]
[EventDate "1999.??.??"]

1. d4 Nf6 2. Nf3 d6 3. c4 g6 4. Nc3 Bg7 5. e4 O-O 6. Be2 Nc6 7. d5 Ne5 8. Nxe5
dxe5 9. O-O e6 10. Bg5 c6 11. d6 h6 12. Be3 b6 13. f4 c5 14. fxe5 Nd7 15. Qd2
Kh7 16. Nb5 Nxe5 17. Rae1 Bb7 18. Nc7 Rc8 19. b4 cxb4 20. Qxb4 Bxe4 21. c5 bxc5
22. Qxe4 Qxd6 23. Nb5 Qb6 24. Bxh6 Bxh6 25. Qxe5 c4+ 26. Nd4 Rc5 27. Qe4 Rd5
28. Rd1 Bg7 29. Rf4 Re5 30. Qb1 Qc5 31. Qc2 Rxe2 32. Rh4+ Kg8 33. Qxe2 e5 34.
Qf2 exd4 35. Re4 c3 36. Rf4 c2 37. Rc1 Rc8 38. Rxf7 d3 39. Qxc5 Rxc5 40. Rd7
Bb2 41. Rf1 c1=Q 42. Rxc1 Rxc1+ 43. Kf2 Rd1 44. Ke3 d2 45. Rd6 Bc3 46. Kd3 Bb4
47. Rxg6+ Kf7 48. Ra6 Re1 49. Rxa7+ Ke6 50. Kc4 d1=Q 51. Rc7 Bd6 52. Rc5 Qc1+
53. Kb3 Re3+ 54. Kb4 Qxc5+ 55. Ka4 55... Ra3# {Hossa checkmated} 0-1

[Event "ICS rated blitz match"]
[Site "204.178.125.65"]
[Date "1999.09.22"]
[Round "?"]
[White "Hossa"]
[Black "Brekelmans"]
[Result "0-1"]
[WhiteElo "2057"]
[BlackElo "1806"]
[PlyCount "81"]
[EventDate "1999.??.??"]

1. d4 d5 2. c4 c6 3. Nf3 Bf5 4. cxd5 cxd5 5. Nc3 Nf6 6. Ng5 h6 7. Nf3 e6 8. Qb3
b6 9. Bf4 Bd6 10. Bxd6 Qxd6 11. Nb5 Qe7 12. Ne5 O-O 13. e3 a6 14. Nc3 Nbd7 15.
Qa3 Qxa3 16. bxa3 Nxe5 17. dxe5 Nd7 18. Na4 b5 19. Nc5 Nxc5 20. Rc1 Nd3+ 21.
Bxd3 Bxd3 22. Kd2 Bc4 23. Rc2 f6 24. exf6 gxf6 25. f4 Kf7 26. g3 Rfc8 27. Rhc1
Rc7 28. g4 Rg8 29. Rg1 f5 30. g5 hxg5 31. fxg5 e5 32. Rf1 Ke6 33. Re1 Rh7 34.
Re2 Rh5 35. g6 Rxg6 36. Rf2 Rgh6 37. Kd1 Rh3 38. Kc1 Rxe3 39. Kb2 Rhh3 40. Rg2
e4 41. Rc3 {Hossa resigns} 0-1

[Event "ICS rated blitz match"]
[Site "204.178.125.65"]
[Date "1999.09.10"]
[Round "?"]
[White "Hossa"]
[Black "Brookie"]
[Result "1-0"]
[WhiteElo "2476"]
[BlackElo "2012"]
[PlyCount "53"]
[EventDate "1999.??.??"]

1. d4 d5 2. c4 Nf6 3. cxd5 Nxd5 4. e4 Nb6 5. Bg5 h6 6. Bf4 g5 7. Be5 Rg8 8. Nc3
Nc6 9. Bb5 Bd7 10. Bg3 a6 11. Bxc6 Bxc6 12. b3 e6 13. Nge2 Bb4 14. O-O Qd7 15.
a3 Be7 16. a4 O-O-O 17. a5 Na8 18. Qd3 f5 19. Be5 Bd6 20. Bxd6 Qxd6 21. exf5
exf5 22. Qxf5+ Kb8 23. Rac1 Rdf8 24. Qh7 Bd7 25. Ne4 Qd5 26. N2c3 Qxd4 27. Rcd1
{Brookie resigns} 1-0

[Event "ICS rated blitz match"]
[Site "204.178.125.65"]
[Date "1999.10.12"]
[Round "?"]
[White "Hossa"]
[Black "BugChess"]
[Result "1/2-1/2"]
[WhiteElo "2431"]
[BlackElo "2263"]
[PlyCount "201"]
[EventDate "1999.??.??"]

1. e4 c5 2. Nf3 e6 3. d4 cxd4 4. Nxd4 a6 5. Nc3 d6 6. Bd3 Nf6 7. O-O Nbd7 8.
Be3 b5 9. a4 b4 10. Na2 a5 11. Bg5 Bb7 12. c3 e5 13. Bxf6 Nxf6 14. Bb5+ Nd7 15.
Nf5 Qc7 16. Ng3 bxc3 17. Nxc3 g6 18. Nd5 Bxd5 19. Qxd5 Rb8 20. Rac1 Qa7 21. Rc6
Rd8 22. Bc4 Nf6 23. Ra6 Qc7 24. Qb5+ Nd7 25. Rxa5 Bh6 26. b3 O-O 27. Ra6 Nc5
28. Rc6 Qa7 29. Qb6 Qxb6 30. Rxb6 Rb8 31. Rb5 Bf4 32. Bd5 Rxb5 33. axb5 Rb8 34.
Ne2 Rxb5 35. Rb1 Bd2 36. g4 Ra5 37. Kg2 Nd3 38. Rd1 Ra2 39. b4 Rb2 40. b5 Nf4+
41. Nxf4 Bxf4 42. Bc6 Bd2 43. Kf3 Bb4 44. Kg3 Bc5 45. Rf1 Kf8 46. g5 f5 47.
gxf6 Kf7 48. h4 Kxf6 49. f4 exf4+ 50. Rxf4+ Kg7 51. Rf1 Bd4 52. Rh1 Kh6 53. Kg4
Be5 54. Rh3 Rb1 55. Bd7 Rf1 56. Rb3 Rf7 57. b6 Rxd7 58. b7 d5 59. exd5 Bb8 60.
Rb5 Re7 61. d6 Rd7 62. Kf3 Rxd6 63. Ke3 Rd1 64. Rb4 Kh5 65. Rc4 Rb1 66. Re4 Bg3
67. Kf3 Bxh4 68. Re8 Rxb7 69. Rf8 Kg5 70. Ra8 h5 71. Kg2 Rb2+ 72. Kf3 Be1 73.
Rg8 Bb4 74. Ke4 Rd2 75. Ke3 Rd1 76. Rc8 Kf5 77. Rb8 Rb1 78. Kd3 Kf6 79. Rb6+
Kf7 80. Kc2 Re1 81. Rxb4 Kf8 82. Rb7 Re2+ 83. Kd3 Rg2 84. Rh7 Ke8 85. Ke3 Rh2
86. Rg7 Rg2 87. Rh7 Rc2 88. Kf4 Rc5 89. Kg3 Rc1 90. Kh4 Rg1 91. Rh8+ Kd7 92.
Rh6 Rg4+ 93. Kh3 Ke6 94. Rh8 Rg1 95. Kh2 Rd1 96. Kg3 Kf7 97. Kh4 Rd2 98. Rh6
Rd4+ 99. Kg3 Kg7 100. Kf3 Kxh6 101. Ke3 {
BugChess ran out of time and Hossa has no material to mate} 1/2-1/2